🎤 Guess the Taylor Swift song (no hints) #6 - Statistics

General Stats
  • This quiz has been taken 75 times
  • The average score is 192 of 283
Answer Stats
Lyrics % Correct
a
100%
A
100%
I
100%
the
94%
and
88%
And
88%
me
87%
He
85%
he
85%
we
85%
that
81%
when
81%
for
79%
I'm
79%
it
79%
It
79%
on
79%
So
79%
was
79%
But
77%
in
77%
love
77%
of
77%
All
75%
all
75%
my
75%
My
75%
this
75%
this,
75%
this)
75%
never
73%
Just
71%
just
71%
like
71%
what
69%
'cause
67%
'Cause
67%
him,
67%
him
67%
his
67%
it's
67%
think
65%
day
62%
some,
62%
Some
62%
some
62%
wanted
62%
wanted,
62%
every
60%
off
58%
boy
56%
gave
56%
heart
56%
making
56%
midnight
56%
name
56%
Rain
56%
rain
56%
time
56%
bride,
54%
comfortable,
54%
get
54%
life
54%
own
54%
pain
54%
came
52%
changed
52%
Chasing
52%
Except
52%
fame,
52%
same
52%
sometimes
52%
stayed
52%
sunshine,
52%
things
52%
thinks
52%
TV
52%
broke
50%
nice
50%
paradise
50%
away
48%
guess
48%
kind
48%
midnights
48%
(Midnights
48%
ocean
48%
postcard
48%
Full
46%
full
46%
haunted,
46%
haunted
46%
candy
44%
family
44%
Picture
44%
pretenders
44%
queens
44%
wasteland
44%
fences,
42%
Holiday
42%
peppermint
42%
perfect
42%
shiny
42%
town
42%
cages,
40%
montage
40%
Pageant
40%
through
40%
potion
38%
slow-motion,
38%
Jumping
37%
travel
37%
unravel
37%
window
35%
deep
31%
portal,
29%
big
27%
peered
27%
No matching quizzes found
Score Distribution
Percent of People with Each Score
Percentile by Number Answered
Your Score History
You have not taken this quiz